It looks like you're offline.
Open Library logo
additional options menu

MARC record from Internet Archive

LEADER: 01692cam 2200433 i 4500
001 ocm02967970
003 OCoLC
005 20110512181924.0
008 770110s1977 nyu 000 1 eng
010 $a 76058867
040 $aDLC$cDLC$dBGU$dBAKER$dBTCTA$dOCLCG
020 $a067122686X
020 $a9780671226862
035 $a(OCoLC)2967970
050 00 $aPZ3.H53985$bEd$aPS3558.I366
082 00 $a813/.5/4
100 1 $aHighsmith, Patricia,$d1921-1995.
245 10 $aEdith's diary /$cPatricia Highsmith.
260 $aNew York :$bSimon and Schuster,$cc1977.
300 $a348 p. :$c22 cm.
655 7 $aPsychological fiction.$2lcsh
655 7 $aDiary fiction.$2lcsh
650 0 $aDiaries (Blank-books)$vFiction.
650 0 $aEscape (Psychology)$vFiction.
776 08 $iOnline version:$aHighsmith, Patricia, 1921-1995.$tEdith's diary.$dNew York : Simon and Schuster, c1977$w(OCoLC)647544428
938 $aBaker & Taylor$bBKTY$c8.95$d6.71$i067122686X$n0000456232$sactive
938 $aBaker and Taylor$bBTCP$n76058867
952 $a2967970$zDLC$bLIBRARY OF CONGRESS$hFull$iLCC$kDDC$u20100713
952 $a187624797$zPAU$bUNIV OF PENNSYLVANIA$hFull$iLCC$kDDC$u20100714
952 $a232045573$zSLR$bHARVARD UNIV, SCHLESINGER LIBR$hLess-than-full batch$iLCC$kDDC$u20100710
952 $a482994735$zN15$bNEW YORK UNIV, GROUP BATCHLOAD$hPartial$iLCC$kDDC$u20100716
952 $a687435772$zYUS$bYALE UNIV LIBR$hFull$iLCC$kDDC$u20101130
029 1 $aNLGGC$b780896858
029 1 $aAU@$b000040234636
029 1 $aUNITY$b016844033
029 1 $aLWM$bBRN0020642
029 1 $aUNITY$b06195425X
994 $aZ0$bPMR
948 $hNO HOLDINGS IN PMR - 586 OTHER HOLDINGS